The Face of nature: environmental ethics and the boundaries of contemporary social theory . = El Rostro de la naturaleza: la ética medio - ambiental y los límites de la eoría contemporánea social /
Expertos en teoría social y cultural fácilmente desarman lo que consideran (con cierta justificación) como pretensión naturalista de la ética medio-ambiental. Sin embargo, a pesar de intentos innovadores de incorporar valores medio-ambientalistas en esquemas teóricos tan variados como los de Haberma...
Tallennettuna:
| Päätekijä: | |
|---|---|
| Aineistotyyppi: | Teksti |
| Aiheet: | |
| Tagit: |
Lisää tagi
Ei tageja, Lisää ensimmäinen tagi!
|
MARC
| LEADER | 00000 a a2200000 04500 | ||
|---|---|---|---|
| 001 | 4674 | ||
| 003 | |||
| 040 | |||
| 100 | |a Smith, Mick | ||
| 245 | |a The Face of nature: environmental ethics and the boundaries of contemporary social theory . = |b El Rostro de la naturaleza: la ética medio - ambiental y los límites de la eoría contemporánea social / |c Mick Smith | ||
| 520 | |a Expertos en teoría social y cultural fácilmente desarman lo que consideran (con cierta justificación) como pretensión naturalista de la ética medio-ambiental. Sin embargo, a pesar de intentos innovadores de incorporar valores medio-ambientalistas en esquemas teóricos tan variados como los de Habermas y Foucault, la teoría social contemporánea a menudo omite la reflexión sobre las limitaciones disciplinarias de su propia crítica. Hasta el punto de que nos presenta un desafío tanto al antropocentrismo como a la reducción sociológica de los valores éticos, la ética medio-ambiental no sólo re-evalúa nuestra relación con la naturaleza sino que posiblemente esté en proceso de engendrar una sociología más reflexiva | ||
| 650 | |a TEORIA SOCIAL | ||
| 650 | |a CONSERVACION DE LA NATURALEZA | ||
| 650 | |a MEDIO AMBIENTE | ||
| 650 | |a ETICA | ||
| 650 | |a SOCIOLOGIA | ||
| 650 | |a ECOLOGIA | ||
| 773 | |g volumen 49, número 1; páginas 49-65 | ||
| 999 | |c 20903 |d 20903 | ||
